Loading...
Arts - Music | 3 | 3.33 | 33% | 0% | 0% |
Arts - Other Arts | 6 | 8.33 | 67% | 17% | 0% |
Arts - Painting | 6 | 11.67 | 83% | 33% | 0% |
History - American History | 4 | 12.50 | 100% | 0% | 25% |
History - European | 4 | 15.00 | 100% | 50% | 0% |
History - Other History | 4 | 10.00 | 75% | 25% | 0% |
History - World | 1 | 30.00 | 100% | 100% | 100% |
History - World History | 6 | 10.00 | 67% | 33% | 0% |
Literature - American Lit | 5 | 10.00 | 100% | 0% | 0% |
Literature - British Lit | 4 | 15.00 | 100% | 50% | 0% |
Literature - European Lit | 1 | 10.00 | 100% | 0% | 0% |
Literature - World Lit | 6 | 13.33 | 100% | 33% | 0% |
Mythology | 4 | 7.50 | 75% | 0% | 0% |
Other - Geo/CE | 6 | 15.00 | 100% | 33% | 17% |
Other Academic | 5 | 10.00 | 100% | 0% | 0% |
Pop Culture | 4 | 5.00 | 50% | 0% | 0% |
Religion | 3 | 6.67 | 33% | 33% | 0% |
Science - Biology | 4 | 12.50 | 100% | 25% | 0% |
Science - Chemistry | 6 | 15.00 | 100% | 50% | 0% |
Science - Engineering | 1 | 10.00 | 0% | 100% | 0% |
Science - Other Science | 6 | 18.33 | 100% | 50% | 33% |
Science - Physics | 2 | 15.00 | 100% | 50% | 0% |
Thought - Philosophy | 4 | 12.50 | 100% | 25% | 0% |
Thought - Social Science | 4 | 15.00 | 100% | 25% | 25% |